000
00268nam a22000977a 4500
008
240404b |||||||| |||| 00| 0 eng d
020
_a
9789390166268
100
_a
Housel Morgan
_9
7760
245
_a
The Psychology of Money
260
_a
Mumbai
_b
Jaico Publishing House
_c
2021
999
_c
12558
_d
12558